Violence, non-violence : Sartre, à propos de Fanon (notice n° 2210628)
[ vue normale ]
| 000 -LEADER | |
|---|---|
| fixed length control field | 01472cam a2200229 4500500 |
| 005 - DATE AND TIME OF LATEST TRANSACTION | |
| control field | 20260412000636.0 |
| 041 ## - LANGUAGE CODE | |
| Language code of text/sound track or separate title | fre |
| 042 ## - AUTHENTICATION CODE | |
| Authentication code | dc |
| 100 10 - MAIN ENTRY--PERSONAL NAME | |
| Personal name | Butler, Judith |
| Relator term | author |
| 245 00 - TITLE STATEMENT | |
| Title | Violence, non-violence : Sartre, à propos de Fanon |
| 260 ## - PUBLICATION, DISTRIBUTION, ETC. | |
| Date of publication, distribution, etc. | 2014.<br/> |
| 500 ## - GENERAL NOTE | |
| General note | 6 |
| 520 ## - SUMMARY, ETC. | |
| Summary, etc. | Violence, Non-Violence : Sartre on FanonThe article examines Sartre’s highly controversial preface to The Wretched of the Earth. Its aim is to identify what, in the various modes of address, are elements in an economy of violence and what, on the contrary, participates in a process of recognition. The examination of the addressees of the address leads to a correlative transformation of the very notion of the author, commonly equated with the merely singular individual. What is at stake here is to grasp what makes Fanon, as it does any political theorist, not merely an author but also a “movement emerging”. The exploration of discursive regimes also leads to a reflection on what, within the habitual practices of interpellation, participates in a gendered division of the conversation and companionship of struggles. |
| 690 ## - LOCAL SUBJECT ADDED ENTRY--TOPICAL TERM (OCLC, RLIN) | |
| Topical term or geographic name as entry element | Fanon |
| 690 ## - LOCAL SUBJECT ADDED ENTRY--TOPICAL TERM (OCLC, RLIN) | |
| Topical term or geographic name as entry element | interpellation |
| 690 ## - LOCAL SUBJECT ADDED ENTRY--TOPICAL TERM (OCLC, RLIN) | |
| Topical term or geographic name as entry element | non-violence |
| 690 ## - LOCAL SUBJECT ADDED ENTRY--TOPICAL TERM (OCLC, RLIN) | |
| Topical term or geographic name as entry element | Sartre |
| 690 ## - LOCAL SUBJECT ADDED ENTRY--TOPICAL TERM (OCLC, RLIN) | |
| Topical term or geographic name as entry element | violence |
| 700 10 - ADDED ENTRY--PERSONAL NAME | |
| Personal name | Ascher, Ivan |
| Relator term | author |
| 786 0# - DATA SOURCE ENTRY | |
| Note | Actuel Marx | 55 | 1 | 2014-04-18 | p. 12-35 | 0994-4524 |
| 856 41 - ELECTRONIC LOCATION AND ACCESS | |
| Uniform Resource Identifier | <a href="https://shs.cairn.info/revue-actuel-marx-2014-1-page-12?lang=fr&redirect-ssocas=7080">https://shs.cairn.info/revue-actuel-marx-2014-1-page-12?lang=fr&redirect-ssocas=7080</a> |
Pas d'exemplaire disponible.




Réseaux sociaux